| 000 | 00858nam a2200217Ia 4500 | ||
|---|---|---|---|
| 003 | IN-BaIIA | ||
| 008 | 211028s9999 xx 000 0 eng d | ||
| 020 | _a0-521-84907-1 | ||
| 040 | _cIIA Library | ||
| 080 |
_a082.2:52 _bIAU-C196 |
||
| 111 |
_aColloquium of the International Astronomical Union _n196th _cLancashire _d2004 June 7-11 _929477 |
||
| 245 | 0 |
_aTransits of venus-new views of the solar system and galaxy _bproceedings of IAU Colloquium 196 held in Preston, Lancashire, 7-11 June 2004 _cedited by D. W. Kurtz |
|
| 260 |
_aCambridge _bCambridge University Press _c2004 |
||
| 300 | _axvi, 538p. | ||
| 490 | _aIAU symposium and colloquium proceedings series; no. 196 | ||
| 650 |
_aPlanet _93877 |
||
| 650 |
_aTransit _91327 |
||
| 650 |
_aVenus _91328 |
||
| 700 |
_aKurtz, D. W., ed. _924220 |
||
| 942 | _cBK | ||
| 999 |
_c15963 _d15963 |
||